Entry Nombre personal
001 - NÚMERO DE CONTROL
- campo de control: 104089
003 - IDENTIFICADOR DE NÚMERO DE CONTROL
- campo de control: SpMaBN
005 - FECHA Y HORA DE LA ÚLTIMA TRANSACCIÓN
- campo de control: 20240426162759.0
008 - ELEMENTOS DE DATO DE LONGITUD-FIJA
- campo de control de longitud fija: 970922nn aijnnaabn n aaa
016 ## - NÚMERO DE CONTROL DE UNA AGENCIA BIBLIOGRÁFICA NACIONAL
- Número de control del registro: BNE20000112149
024 8# - IDENTIFICADOR DE OTROS ESTÁNDARES
- Número estándar o código: https://data.cervantesvirtual.com/person/35239
024 7# - IDENTIFICADOR DE OTROS ESTÁNDARES
- Número estándar o código: http://viaf.org/viaf/87172319/
- Fuente: viaf
024 7# - IDENTIFICADOR DE OTROS ESTÁNDARES
- Número estándar o código: https://isni.org/isni/0000000120300594
- Fuente: isni
024 7# - IDENTIFICADOR DE OTROS ESTÁNDARES
- Número estándar o código: http://www.wikidata.org/entity/Q19459402
- Fuente: wikidata
040 ## - FUENTE DE CATALOGACIÓN
- Centro catalogador/agencia de origen: SpMaBN
- Lengua de catalogación: spa
- Centro/agencia transcriptor: SpMaBN
- Normas de descripción: rdc
- Convención/Normas de encabezamiento de materia/tesauro: embne
046 ## - FECHAS CON CODIFICACIÓN ESPECIAL
- Fecha de nacimiento: 1866
- Fecha de la muerte: 1910
100 1# - ENCABEZAMIENTO-NOMBRE DE PERSONA
- Nombre de persona: Sawa, Miguel,
- Fechas asociadas al nombre: 1866-1910
370 ## - LUGAR ASOCIADO
- Lugar de nacimiento: España, Andalucía, Sevilla (Provincia), Sevilla
370 ## - LUGAR ASOCIADO
- Lugar de nacimiento: España, Madrid (Comunidad Autónoma), Madrid
373 ## - GRUPO ASOCIADO
- Grupo asociado: Asociación de la Prensa de Madrid
- Fuente del término: abne
374 ## - OCUPACIÓN
- Ocupación: Escritores
- Ocupación: Periodistas
- Fuente del término: embne
375 ## - GÉNERO/SEXO
- Género: Masculino
377 ## - IDIOMA ASOCIADO
- Término de lengua/lenguaje: Español
400 1# - TRAZADO DE VÉASE--NOMBRE DE PERSONA
- Nombre de persona: Sawa Martínez, Miguel,
- Fechas asociadas al nombre: 1966-1910
400 1# - TRAZADO DE VÉASE--NOMBRE DE PERSONA
- Nombre de persona: Sawa y Martínez, Miguel,
- Fechas asociadas al nombre: 1866-1910
670 ## - FUENTE DE DATOS ENCONTRADOS
- Cita de la fuente: La ruta de Judith, 1910
- Información encontrada: port. (Miguel Sawa)
670 ## - FUENTE DE DATOS ENCONTRADOS
- Cita de la fuente: Méndez Bejarano, Mario. Diccionario de escritores, maestros y oradores naturales de Sevilla y su actual provincia, volumen 2, 1922-1925
- Información encontrada: página 395 (Sawa y Martínez, Miguel. Nació en Sevilla el 11 de febrero de 1866 y murió en Madrid el 1 de octubre de 1910. Hermano de Alejandro Sawa, se dedicó también a la literatura publicó su primer libro de artículo bajo el título Amor. Muchos de sus cuentos fueron publicados en periódicos y revistas. Publicó varias novelas y tradujo algunas comedias como Safo de Daudet)
670 ## - FUENTE DE DATOS ENCONTRADOS
- Cita de la fuente: Cuenca, Francisco. Teatro andaluz contemporáneo, 1937
- Información encontrada: página 473 (Sawa y Martínez, Miguel. Neció en Sevilla en 1866 y murió en 1910. Tradujo el drama Safo de Daudet, en colaboración condionisio Pérez)
670 ## - FUENTE DE DATOS ENCONTRADOS
- Cita de la fuente: Dic. de literatura española e hispanoamericana, 1993
- Información encontrada: (Sawa, Miguel; n. ¿1863?, en Málaga -m. 1910, en Madrid; periodista y escritor)
670 ## - FUENTE DE DATOS ENCONTRADOS
- Cita de la fuente: WWW ABEPI, 24-4-2015
- Información encontrada: (Sawa y Martínez, Miguel: n. en 1866 en Sevilla y m. en 1910 en Madrid; literato y periodista)
670 ## - FUENTE DE DATOS ENCONTRADOS
- Cita de la fuente: WWW Wikipedia, 03-08-2023
- Información encontrada: (Miguel Sawa Martínez (Sevilla, 1866-Madrid, 1910) fue un periodista y escritor español, hermano de Alejandro Sawa)
- Identificador Uniforme de Recursos: https://es.wikipedia.org/wiki/Miguel_Sawa
